000 00285nam a22001337a 4500
008 171106b xxu||||| |||| 00| 0 eng d
020 _a9780131233621
041 _aeng
080 _a339.722.6
100 _a61
101 _aKON
245 _aACCOUTING
_cHORNGREN.H
942 _2udc
_cBK
999 _c37689
_d37689